Uluslararası Anayasa Kongresi : (Record no. 38332)
| 000 -BAŞLIK | |
|---|---|
| Sabit Uzunluktaki Kontrol Alanı | 01424nam a22003137a 4500 |
| 001 - KONTROL NUMARASI | |
| Control Dosyası | 0038497 |
| 003 - KONTROL NUMARASI KİMLİĞİ | |
| Kontrol Alanı | KOHA_MİRAKIL |
| 005 - EN SON İŞLEM TARİHİ ve ZAMANI | |
| Kontrol Alanı | 20260207003102.0 |
| 007 - FİZİKSEL TANIM SABİT ALAN - GENEL BİLGİ | |
| Sabit uzunluklu kontrol alanı | ta |
| 008 - SABİT UZUNLUKTAKİ VERİ ÖGELERİ - GENEL BİLGİ | |
| Sabit Alan | 120917b2012 tu |||gr||||#||||0|tur | |
| 020 ## - ISBN - ULUSLARARASI STANDART KİTAP NUMARASI | |
| Isbn | 9786054233816 |
| Nitelik bilgileri | (tk.) 9786054233823 |
| -- | (v.1) 9786054233830 |
| -- | (v.2) 9786054233847 |
| -- | (v.3) 9786054233854 |
| -- | (v.4) |
| 040 ## - KATALOGLAMA KAYNAĞI | |
| Özgün Kataloglama Kurumu | TR-BiSEU |
| Kataloglama Dili | tur |
| Çeviri Kurumu | TR-BiSEU |
| Açıklama Kuralları | rda |
| 041 0# - DİL KODU | |
| Metin ya da ses kaydının dil kodu | tur |
| 044 ## - YAYINLAYAN/ÜRETEN KURULUŞUN ÜLKE KODU | |
| ISO country code | tu |
| 050 ## - SINIFLAMA ve YER NUMARASI | |
| Sınıflama Numarası | K3165.A6 |
| Yer Numarası | U48 2012 |
| 111 2# - TOPLANTI ADI | |
| Toplantı Adı | Uluslararası Anayasa Kongresi (2011 : İstanbul, Türkiye) |
| 9 (RLIN) | 71912 |
| 240 10 - TEK BİÇİM BAŞLIK | |
| Tekbiçim Başlık | <a href="International congress on constitutional law : book of papers">International congress on constitutional law : book of papers</a> |
| Language of a work | Türkçe |
| 245 1# - ESER ADI BİLDİRİMİ | |
| Başlık | Uluslararası Anayasa Kongresi : |
| Alt Eseradı vb. | 11-14 Mayıs 2011, Ankara : |
| -- | metinler kitabı = |
| -- | International congress on constitutional law : |
| -- | book of papers/ |
| Sorumluluk Bildirimi | [düzenleyenler] Anayasa Hukukçular Derneği, İstanbul Üniversitesi, İstanbul Kültür Üniversitesi ; editörler Murat Yanık, Hüseyin Özcan, Ahmet Akcan.. |
| 264 #1 - ÜRERİM, YAYIN, DAĞITIM ve TELİF BİLDİRİMİ | |
| Yayın yeri | İstanbul : |
| Yayınlayan | İstanbul Kültür Üniversitesi |
| Yayın tarihi | 2012 |
| 300 ## - FİZİKSEL TANIMLAMA | |
| Sayfa, Cilt vb. | 4 c. |
| 336 ## - İÇERİK TÜRÜ | |
| Content type term | metin |
| Content type code | txt |
| Source | rdacontent |
| 337 ## - MEDYA TÜRÜ | |
| Media type term | aracısız |
| Media type code | n |
| Source | rdamedia |
| 338 ## - TAŞIYICI TÜRÜ | |
| Carrier type term | cilt |
| Carrier type code | nc |
| Source | rdacarrier |
| 490 1# - DİZİ BİLDİRİMİ | |
| Dizi Bildirimi | İstanbul Kültür Üniversitesi Yayınları ; |
| Cilt Numarası | 171. |
| 500 ## - GENEL NOT | |
| Genel Not | In Text English, Germany, French, Arabic. |
| 650 #0 - KONU BAŞLIĞI EK GİRİŞ - KONU TERİMİ | |
| Konusal terim veya coğrafi ad | Constitutional law--Congresses. |
| 9 (RLIN) | 71913 |
| 830 1# - SERİ EK GİRİŞİ - TEKBİÇİM ESER ADI | |
| Tekbiçim Başlık | İstanbul Kültür Üniversitesi Yayınları ; |
| Volume number/sequential designation | 171. |
| 9 (RLIN) | 56099 |
| 942 ## - EK GİRİŞ ÖGELERİ (KOHA) | |
| Source of classification or shelving scheme | Library of Congress Classification |
| Koha item type | Book |
| Materyal Türü | Kalıcı Konum | Mevcut Konum | Raf Yeri | Sınıflandırma Kaynağı | Edinim Bilgisi | Ana Konular | Alt Konular | Yer Numarası | Cilt Bilgisi | Demirbaş Numarası | Fatura Tarihi | Geri Çekilme Durumu | Kayıp Durumu | Hasarlı Durumu | Kredi için değil | Kayıt Tarih | Toplam Ödünçverme | Son Görülme Tarihi | Son Kontrol Tarihi | Genel / Bağış Notu |
|---|---|---|---|---|---|---|---|---|---|---|---|---|---|---|---|---|---|---|---|---|
| Book | Prof. Dr. Azmi Özcan Kütüphanesi | Prof. Dr. Azmi Özcan Kütüphanesi | Uluğbey Salonu | Library of Congress Classification | Bağış | HUKUK | Genel Hukuk, Karşılaştırmalı ve Tekdüze Hukuk, Hukuk İlmi | K3165.A6 U48 2012 | c.4 | 0038497 | 02/02/2026 | 17/09/2012 | 05/12/2024 | 05/12/2024 | Genel Bağış | |||||
| Book | Prof. Dr. Azmi Özcan Kütüphanesi | Prof. Dr. Azmi Özcan Kütüphanesi | Uluğbey Salonu | Library of Congress Classification | Bağış | HUKUK | Genel Hukuk, Karşılaştırmalı ve Tekdüze Hukuk, Hukuk İlmi | K3165.A6 U48 2012 | c.3 | 0038499 | 02/02/2026 | 17/09/2012 | 05/12/2024 | 05/12/2024 | Genel Bağış | |||||
| Book | Prof. Dr. Azmi Özcan Kütüphanesi | Prof. Dr. Azmi Özcan Kütüphanesi | Uluğbey Salonu | Library of Congress Classification | Bağış | HUKUK | Genel Hukuk, Karşılaştırmalı ve Tekdüze Hukuk, Hukuk İlmi | K3165.A6 U48 2012 | c.2 | 0038500 | 02/02/2026 | 17/09/2012 | 05/12/2024 | 05/12/2024 | Genel Bağış |
